000 00798nam a22002537a 4500
999 _c425090
_d425090
001 44986
003 UA-OsUOA
005 20191004153000.0
007 ta
008 20110920b un ||||| |||| 00| 0 ukr d
040 _aUA-OsUOA
_bukr
_cUA-OsUOA
_dUA-OsUOA
041 _aukr
080 _a94(477).09
090 _a94(477).09
_bК17
100 _aКальба М.
245 _a"Нахтігаль" (Курінь ДУН) у світлі фактів і документів.
260 _aДенвер
_c1984
300 _a159 с.
650 7 _a9 Географія. Біографії. Історія
_2UDC
942 _cBK
_2udc
955 _a1